000 nam a22 7a 4500
999 _c9686
_d9686
008 180206b ||||| |||| 00| 0 eng d
100 _aChandra, M
_95801
245 _aSchool science
260 _aNew Delhi
_bNCERT
_c2005